[Event "Montigny le Bretonneux op 21st"]
[Site "Montigny le Bretonneux"]
[Date "2021.12.30"]
[Round "7"]
[White "Faris, Marouane"]
[Black "Chaintreau, Thomas"]
[Result "0-1"]
[WhiteElo "1662"]
[BlackElo "1665"]
[PlyCount "60"]
[EventDate "2021.12.26"]
[EventType "swiss"]
[EventRounds "9"]
[EventCountry "FRA"]
[SourceTitle "EXT 2023"]
[Source "ChessBase"]
[SourceDate "2022.10.05"]
[SourceVersion "1"]
[SourceVersionDate "2022.10.05"]
[SourceQuality "1"]

1. e4 c5 2. Nf3 d6 3. d4 Nf6 4. Nc3 cxd4 5. Nxd4 Nc6 6. Bg5 e5 7. Bxf6 gxf6 8. Nb3 Be6 9. Nd5 f5 10. exf5 Bxf5 11. Qf3 Be6 12. Nf6+ Ke7 13. 0-0-0 Rc8 14. Kb1 a5 15. Nd5+ Bxd5 16. Rxd5 a4 17. Nc1 Nd4 18. Rxd4 exd4 19. Qe4+ Kd7 20. Bb5+ Kc7 21. Qxd4 Be7 22. Bxa4 Bf6 23. Qc4+ Kb8 24. Qxf7 Rf8 25. Qxh7 Qb6 26. Nd3 Rc3 27. Bb3 Qd4 28. Qh6 Rxd3 29. Qxf8+ Ka7 30. Qxf6 Rd1+ 0-1

[Event "FRA-ch U16"]
[Site "Agen"]
[Date "2021.10.24"]
[Round "1"]
[White "Chaintreau, Thomas"]
[Black "Lamaze, Simon"]
[Result "0-1"]
[WhiteElo "1621"]
[BlackElo "2349"]
[PlyCount "42"]
[EventDate "2021.10.22"]
[EventType "swiss"]
[EventRounds "9"]
[EventCountry "FRA"]
[SourceTitle "EXT 2023"]
[Source "ChessBase"]
[SourceDate "2022.10.05"]
[SourceVersion "1"]
[SourceVersionDate "2022.10.05"]
[SourceQuality "1"]

1. e4 c5 2. Nf3 Nc6 3. d4 cxd4 4. Nxd4 Nf6 5. Nc3 e5 6. Ndb5 d6 7. Bg5 a6 8. Na3 b5 9. Nd5 Be7 10. Bxf6 gxf6 11. c3 f5 12. Bd3 Be6 13. Qf3 f4 14. g3 h5 15. h3 Bg5 16. gxf4 exf4 17. Nxf4 Ne5 18. Qg3 Bxf4 19. Bxb5+ axb5 20. Qg7 Nd3+ 21. Ke2 Be5 0-1

[Event "Montigny le Bretonneux Noel op 20th"]
[Site "Montigny le Bretonneux"]
[Date "2019.12.28"]
[Round "4"]
[White "Plantet, Marc"]
[Black "Chaintreau, Thomas"]
[Result "0-1"]
[WhiteElo "1718"]
[BlackElo "1565"]
[PlyCount "59"]
[EventDate "2019.12.27"]
[EventType "swiss"]
[EventRounds "7"]
[EventCountry "FRA"]
[SourceTitle "CBM 194 Extra"]
[Source "ChessBase"]
[SourceDate "2020.03.31"]
[SourceVersion "1"]
[SourceVersionDate "2020.03.31"]
[SourceQuality "1"]

1. d4 Nf6 2. c4 g6 3. h4 d6 4. Nc3 Nbd7 5. e4 e5 6. d5 Bg7 7. Be3 h5 8. Qd2 Ng4 9. 0-0-0 Nxe3 10. fxe3 Nf6 11. Be2 Bh6 12. Nh3 Ng4 13. Bxg4 Bxg4 14. Rdf1 Qxh4 15. Nf2 Qg5 16. Ncd1 Rf8 17. Nh3 Qe7 18. Ndf2 Bd7 19. Nd3 0-0-0 20. Rf3 f5 21. Nhf2 f4 22. exf4 exf4 23. Qa5 Kb8 24. c5 b6 25. cxb6 cxb6 26. Qa3 Bg4 27. Nb4 Rc8+ 28. Rc3 f3+ 29. Kb1 fxg2 30. Re1 0-1

[Event "Agneaux St Lo U16 op 21th"]
[Site "Agneaux"]
[Date "2019.07.07"]
[Round "2.5"]
[White "Chaintreau, Thomas"]
[Black "Lefebvre, Matthieu"]
[Result "1/2-1/2"]
[WhiteElo "1528"]
[BlackElo "1721"]
[PlyCount "100"]
[EventDate "2019.07.06"]
[EventType "swiss"]
[EventRounds "9"]
[EventCountry "FRA"]
[SourceTitle "EXT 2020"]
[Source "ChessBase"]
[SourceDate "2019.10.17"]
[SourceVersion "1"]
[SourceVersionDate "2019.10.17"]
[SourceQuality "1"]

1. d4 Nf6 2. c4 e6 3. Nc3 Bb4 4. Nf3 d5 5. Bg5 h6 6. Bxf6 Qxf6 7. e3 0-0 8. Be2 c5 9. 0-0 cxd4 10. Qxd4 Qxd4 11. Nxd4 Bxc3 12. bxc3 dxc4 13. Rab1 Nd7 14. Bf3 Rb8 15. Rb2 Nb6 16. Nb5 a6 17. Nd6 Nd5 18. Rc1 b5 19. Nxc4 Bd7 20. Ne5 Rfd8 21. c4 Ne7 22. Nxd7 Rxd7 23. a4 b4 24. a5 Rc7 25. Rd2 Nc6 26. Ra1 Ne5 27. Be2 b3 28. Rb1 Nxc4 29. Bxc4 Rxc4 30. Kf1 Ra4 31. Rdb2 Rxa5 32. Rxb3 Rab5 33. Rxb5 Rxb5 34. Ra1 a5 35. Ra2 Kf8 36. Ke2 Ke7 37. Kd3 Kd6 38. Kc4 Kc6 39. Kd4 Rb4+ 40. Kd3 a4 41. Kc3 Kc5 42. Ra3 Rc4+ 43. Kd3 e5 44. e4 Rd4+ 45. Ke3 Kb4 46. Ra1 a3 47. f4 f6 48. Rb1+ Kc3 49. Rb5 a2 50. Ra5 Kb3 1/2-1/2